Gabriel Marcel /

Salvato in:
Dettagli Bibliografici
Autore principale: Bendlová, Peluška (Autore)
Natura: Libro
Lingua:ceco
Pubblicazione: Praha : Filosofia, 1993
Edizione:1.vyd.
Soggetti:
Tags: Aggiungi Tag
Nessun Tag, puoi essere il primo ad aggiungerne!!

MARC

LEADER 00000nam a22000003a 4500
001 stu7122
005 20150617225809.2
008 941121s1993----xr------------------cze-d
020 |a 80-7007-048-X 
040 |a STU  |b slo 
041 0 |a cze 
044 |a xr 
080 |a 13 
100 1 |a Bendlová, Peluška  |4 aut 
245 1 |a Gabriel Marcel /  |c [aut.] Bendlová,Peluška 
250 |a 1.vyd. 
260 |a Praha :  |b Filosofia,  |c 1993 
300 |a 103 s 
650 7 |a filozofia ducha  |2 stusub 
996 |b E79316  |c R*79316  |l RRUM  |s A  |a 24  |w stu7122_0001